000
00288nam a2200121Ia 4500
008
191201s2014 xx 000 0 und d
100
_a
GUPTA,Shashi K.
245
0
_a
Financial Services
260
_a
N. delhi
_b
Kalyani
_c
2014
300
_a
Misc
650
_a
B.Tech(CE)
942
_2
ddc
_c
BK
_0
1
999
_c
6279
_d
6279